000 00897nam a2200265 a 4500
001 000022201
005 20260522101321.0
008 100920d1998 dr 001 0 spa d
020 _a8484002772
040 _aDO-SdBNP
_bspa
_cBNPHU
082 _a616.8914
_bA473c
100 1 _aÁlvarez Díaz, Nancy
_945932
245 1 0 _aConsulta con Nancy /
_cNancy Álvarez Díaz ; prólogo Huberto Bogaert García.
260 _aSanto Domingo :
_bTaller,
_c1998.
300 _av. ;
_c21 cm.
490 1 _aBiblioteca taller
_v319
500 _aLa biblioteca posee el volúmen 1.
590 _aInventariado, 2018/LP
650 4 _aPsicología clínica
_xCasos
_945933
650 0 _aComunicación en psicología
_945934
650 4 _aConsejería
_98254
700 1 _aBogaert García, Huberto,
_d1953-
_epról.
_91809
830 0 _aBiblioteca taller ;
_n319
_945935
910 _aValidado. Control de calidad EMS
999 _c21699
_d21699